| 000 | 00717nam a2200241Ia 4500 | ||
|---|---|---|---|
| 003 | OSt | ||
| 005 | 20220918201616.0 | ||
| 006 | a|||||r|||| 00| 0 | ||
| 007 | ta | ||
| 008 | 220917b |||||||| |||| 00| 0 eng d | ||
| 024 | _a95,167 | ||
| 037 | _cTextual | ||
| 040 |
_aARTS _cARTS _beng |
||
| 041 |
_2eng _aeng |
||
| 082 | _aV1N48vjN20, M2 | ||
| 100 |
_aMaddem Frederick ed _999791 |
||
| 245 | 0 |
_aOxford and the idea of communication _b essays presented to Sir Edgar Williams |
|
| 260 |
_aLondon _bCroom Helm _c1982 |
||
| 650 | _aHISTORY | ||
| 700 |
_a Fieldhouse D K ed _999792 |
||
| 942 |
_hV1N48vjN20, M2 _cTEXL _2CC |
||
| 999 |
_c218790 _d218790 |
||